书目信息 |
| 题名: |
新型农村发展与规划
|
|
| 作者: | 高成全 , 赵玉凤 , 李晓东 著 | |
| 分册: | ||
| 出版信息: | 峨嵋 西南交通大学出版社 2015.03 |
|
| 页数: | 406页 | |
| 开本: | 24cm | |
| 丛书名: | ||
| 单 册: | ||
| 中图分类: | F320.3 | |
| 科图分类: | ||
| 主题词: | 农业经济--中国 | |
| 电子资源: | ||
| ISBN: | 7-5643-3754-0 | |
| 000 | 00693nam0 2200205 450 | |
| 001 | 1540249086 | |
| 005 | 20180509091253.63 | |
| 010 | @a7-5643-3754-0@dCNY65.00 | |
| 100 | @a20151217d2015 km y0chiy0120 ea | |
| 101 | 0 | @achi |
| 200 | 1 | @a新型农村发展与规划@Axin xing nong cun fa zhan yu gui hua@f高成全, 赵玉凤, 李晓东著@Fgao cheng quan,zhao yu feng,li xiao dong zhu |
| 210 | @a峨嵋@c西南交通大学出版社@d2015.03 | |
| 215 | @a406页@d24cm | |
| 606 | 0 | @a农业经济@x中国 |
| 690 | @aF320.3@v4 | |
| 701 | 0 | @a高成全@Agao cheng quan@4著 |
| 701 | 0 | @a赵玉凤@Azhao yu feng@4著 |
| 701 | 0 | @a李晓东@Ali xiao dong@4著 |
| 801 | 0 | @aCN@b大连网信软件有限公司图书馆·11@c20151217 |
| 905 | @aZUCC@dF320.3@eG105 | |
| 新型农村发展与规划/高成全, 赵玉凤, 李晓东著.-峨嵋:西南交通大学出版社,2015.03 |
| 406页;24cm |
| ISBN 7-5643-3754-0:CNY65.00 |
| ● |
| 相关链接 |
|
|
|
正题名:新型农村发展与规划
索取号:F320.3/G105
 
预约/预借
| 序号 | 登录号 | 条形码 | 馆藏地/架位号 | 状态 | 备注 |
| 1 | 1309129 | 213091296 | 社科库409/ [索取号:F320.3/G105] | 在馆 | |
| 2 | 1309220 | 213092204 | 社科二线422/409社科库 33排1列4层/ [索取号:F320.3/G105] | 在馆 | |
| 3 | 1309221 | 213092213 | 社科二线422/ [索取号:F320.3/G105] | 在馆 | |
| 4 | 1309222 | 213092222 | 社科二线422/422社科库 27排1列4层/ [索取号:F320.3/G105] | 在馆 | |
| 5 | 1309223 | 213092231 | 社科二线422/409社科库 33排1列4层/ [索取号:F320.3/G105] | 在馆 | |
| 6 | 1309224 | 213092240 | 社科库409/400A自科库 8排1列3层/ [索取号:F320.3/G105] | 在馆 | |
| 7 | 1309225 | 213092259 | 社科二线422/ [索取号:F320.3/G105] | 在馆 | |
| 8 | 1309226 | 213092268 | 社科库409/ [索取号:F320.3/G105] | 在馆 | |
| 9 | 1309227 | 213092277 | 社科库409/400A自科库 8排1列3层/ [索取号:F320.3/G105] | 在馆 | |
| 10 | 1309228 | 213092286 | 社科库409/400A自科库 8排1列3层/ [索取号:F320.3/G105] | 在馆 | |
| 11 | 1309229 | 213092295 | 社科二线422/409社科库 33排1列4层/ [索取号:F320.3/G105] | 在馆 | |
| 12 | 1309230 | 213092302 | 社科二线422/409社科库 33排1列4层/ [索取号:F320.3/G105] | 在馆 | |
| 13 | 1309231 | 213092311 | 社科库409/409社科库 33排1列3层/ [索取号:F320.3/G105] | 在馆 | |
| 14 | 1309232 | 213092320 | 社科二线422/422社科库 30排4列2层/ [索取号:F320.3/G105] | 在馆 | |
| 15 | 1309233 | 213092339 | 社科二线422/422社科库 30排4列2层/ [索取号:F320.3/G105] | 在馆 | |
| 16 | 1309234 | 213092348 | 社科库409/400A自科库 8排1列3层/ [索取号:F320.3/G105] | 在馆 | |
| 17 | 1309235 | 213092357 | 社科二线422/409社科库 33排1列3层/ [索取号:F320.3/G105] | 在馆 | |
| 18 | 1309236 | 213092366 | 社科二线422/ [索取号:F320.3/G105] | 在馆 | |
| 19 | 1309237 | 213092375 | 社科二线422/ [索取号:F320.3/G105] | 在馆 | |
| 20 | 1309238 | 213092384 | 社科库409/400A自科库 8排1列3层/ [索取号:F320.3/G105] | 在馆 | |
| 21 | 1309239 | 213092393 | 社科二线422/422社科库 26排1列1层/ [索取号:F320.3/G105] | 在馆 | |
| 22 | 1309240 | 213092400 | 社科库409/400A自科库 8排1列3层/ [索取号:F320.3/G105] | 在馆 | |
| 23 | 1309241 | 213092419 | 社科库409/400A自科库 8排1列3层/ [索取号:F320.3/G105] | 在馆 | |
| 24 | 1309242 | 213092428 | 社科二线422/409社科库 33排1列4层/ [索取号:F320.3/G105] | 在馆 | |
| 25 | 1309243 | 213092437 | 社科库409/409社科库 33排1列4层/ [索取号:F320.3/G105] | 在馆 | |
| 26 | 497811 | 204978113 | 社科库409/ [索取号:F320.3/G105] | 在馆 |